000 00373nam a2200145Ia 4500
008 230411s9999 xx 000 0 und d
020 _a978-81-8462-029-0
041 _aeng
082 _aX/MEH/B06484
100 _aMehta N V
245 _aIncome Tax Ready Reckoner
260 _bShri Kuber Publishing House
_aMumbai
_c2011
300 _a344p
999 _c156889
_d156889